Corpus musicae popularis Austriacae Gesamtausgabe der Volksmusik in Österreich 4 Steiermark-Sammlung Lois Steiner Teil 1 Lieder des Weihnachtsfestkreises

Bibliographic Details
Other Authors: Deutsch, Walter (Compiler), Hois, Eva Maria (Compiler)
Format: Book
Language:German
PhysicalDescription:518 s. 30 cm
Published: Wien [etc.] Böhlau 1995
ISBN:3205983912
Series:Corpus musicae popularis Austriacae
Subjects:

MARC

LEADER 00000nam a2200000 a 4500
001 vtls001286321
003 SK-MaSNL
005 20260302054004.0
008 251113s1995 au ag 0 ger
020 |a 3205983912  |c [1913,00] 
035 |a SNK000237866 
040 |a SNK  |b slo  |c SNK  |e AACR2 
044 |a au  |c AT 
080 |a 78.031.4:398.332.42(436-31)  |2 1981 
245 1 |a Corpus musicae popularis Austriacae  |b Gesamtausgabe der Volksmusik in Österreich  |n 4  |p Steiermark-Sammlung Lois Steiner  |n Teil 1  |p Lieder des Weihnachtsfestkreises  |c geleitet von Walter Deutsch ; bearbeitet und redigiert von Eva Maria Hois und Wal 
260 |a Wien [etc.]  |b Böhlau  |c 1995 
300 |a 518 s.  |c 30 cm 
490 1 |a Corpus musicae popularis Austriacae  |v 3 
650 0 7 |a piesne vianočné  |z Štajersko (Rakúsko)  |x texty a noty  |2 SNK  |9 712652 
650 0 7 |a hudba ľudová  |z Štajersko (Rakúsko)  |x texty a noty  |2 SNK  |9 712653 
700 1 |a Deutsch, Walter  |4 zos  |9 392436 
700 1 |a Hois, Eva Maria  |4 zos  |9 475265 
830 0 |a Corpus musicae popularis Austriacae  |9 355891 
919 |a 3-205-98391-2 
999 |c 1111621  |d 1113551 
952 |a SNK  |b SNK  |y VYP  |7 0  |p 17A0063422  |o snkIB 69656/4/1  |i snkV 1202/97  |8 2  |0 0  |1 0  |4 0  |d 1997-05-21  |l 0  |r 2005-01-02 00:00:00  |w 2026-02-24